000169888 001__ 169888
000169888 005__ 20260312140439.0
000169888 020__ $$a978-3-7560-0967-1
000169888 037__ $$aBOOK-2026-250
000169888 041__ $$aeng
000169888 100__ $$aBueso Guillén, Pedro-José
000169888 245__ $$aSpain
000169888 260__ $$aBaden-Baden$$bNomos ; Beck; Hart$$c2026
000169888 300__ $$a836-846
000169888 506__ $$aall-rights-reserved
000169888 500__ $$aPostprint
000169888 540__ $$9info:eu-repo/semantics/embargoedAccess
000169888 773__ $$tInternational Subsidies. A Handbook
000169888 8560_ $$flplumed@unizar.es
000169888 8564_ $$s344888$$uhttps://zaguan.unizar.es/record/169888/files/BOOK-2026-250.pdf$$yTexto completo$$zembargoEnd/2026-12-18
000169888 909CO $$ooai:zaguan.unizar.es:169888$$pbooks
000169888 980__ $$aBOOK$$bCAPITULOS